| 000 | 01228cam a22003377a 4500 | ||
|---|---|---|---|
| 003 | CHAP | ||
| 005 | 20220329133236.0 | ||
| 008 | 971013s1983 r 00010 d | ||
| 010 | _a3823 | ||
| 011 | _a4795 | ||
| 035 | _a3999 | ||
| 040 | _cCHAP | ||
| 082 |
_a317.2 M4 _bNay. |
||
| 110 |
_aInstituto Nacional de Estadística, Geografía e Informática. México _959304 |
||
| 245 | 0 | _aManual de estadísticas básicas del estado de Nayarit | |
| 260 |
_aMéxico, D. F. : _bEl Instituto, _c1983 |
||
| 300 | _a40 p | ||
| 500 | _ac.c. Anuario estadístico de Nayarit | ||
| 590 |
_aBATCH-UPD _b10 _c20130110 _lUCH01 _h1732 |
||
| 590 |
_aBATCH-UPD _b10 _c20130410 _lUCH01 _h1113 |
||
| 590 |
_aBATCH-UPD _b10 _c20130914 _lUCH01 _h1454 |
||
| 590 |
_aCONVERSION _b10 _c20130109 _lUCH01 _h1303 |
||
| 650 | 1 | 4 |
_aAgricultura _xEstadisticas _zNayarit. _91460 |
| 650 | 1 | 4 |
_aGanadería _xEstadísticas _zNayarit. _944718 |
| 650 | 1 | 4 |
_aNayarit _xEstadísticas. _980626 |
| 901 | _aBK | ||
| 942 | _cLIBRO | ||
| 949 |
_a317.2 M4 Nay. _bBC _cINEGI _d33724000464327 _eINEGI _h61515 _i3999 _si |
||
| 949 |
_a317.2 M4 Nay. _bBC _cINEGI _d33724000530994 _eINEGI _fc.2 _h61516 _i3999 _si |
||
| 949 |
_a317.2 M4 Nay. _bBC _cINEGI _d33724000531034 _eINEGI _fc.3 _h61846 _i3999 _si |
||
| 999 |
_c3823 _d3823 |
||